[Event "Oberliga Wuerttemberg 0203"]
[Site "Wuerttemberg"]
[Date "2003.01.26"]
[Round "5"]
[White "Klaric, Zoran"]
[Black "Stanescu, Christian"]
[Result "1/2-1/2"]
[WhiteElo "2014"]
[BlackElo "2063"]
[PlyCount "106"]
[EventDate "2002.10.13"]
[EventType "team-tourn"]
[EventRounds "9"]
[EventCountry "GER"]
[SourceTitle "EXT 2019"]
[Source "ChessBase"]
[SourceDate "2018.10.10"]
[SourceVersion "1"]
[SourceVersionDate "2018.10.10"]
[SourceQuality "1"]
[WhiteTeam "Marbach"]
[BlackTeam "Ditzingen"]
[WhiteTeamCountry "GER"]
[BlackTeamCountry "GER"]

1. d4 d5 2. c4 c6 3. Nf3 Nf6 4. Nc3 dxc4 5. a4 Bf5 6. e3 e6 7. Bxc4 Nbd7 8. 0-0 Bb4 9. Qe2 Bg6 10. Rd1 0-0 11. Bd2 Re8 12. Be1 Rc8 13. Rac1 a6 14. h3 Qa5 15. Nh4 Bh5 16. g4 Bg6 17. Nxg6 hxg6 18. Bb3 c5 19. Qf3 cxd4 20. Rxd4 Nc5 21. Bc2 e5 22. Rdd1 e4 23. Qg3 g5 24. Rd4 Red8 25. Rcd1 Ne6 26. Rxd8+ Rxd8 27. Rxd8+ Qxd8 28. Qe5 Nc5 29. Nxe4 Bxe1 30. Nxf6+ gxf6 31. Qxc5 Kg7 32. Qd4 Qc7 33. Qd1 Ba5 34. Bd3 Qe5 35. Qc2 Bc7 36. Kf1 Qh2 37. Bf5 Qxh3+ 38. Ke2 Qh2 39. Bc8 Bg3 40. Qf5 Qg2 41. Qf3 Qxf3+ 42. Kxf3 Be5 43. Bxb7 a5 44. b3 Bd6 45. Ke4 Kf8 46. Kf5 Ke7 47. f4 gxf4 48. exf4 Bb4 49. Bd5 Bc3 50. Ke4 Bb4 51. Kd4 Bd6 52. Ke4 Bb4 53. Kd4 Bd6 1/2-1/2

[Event "Staufer op 15th"]
[Site "Schwaebisch Gmuend"]
[Date "2003.01.03"]
[Round "5"]
[White "Latzke, Boris Alexander"]
[Black "Klaric, Zoran"]
[Result "1-0"]
[WhiteElo "2254"]
[BlackElo "2100"]
[PlyCount "47"]
[EventDate "2003.01.02"]
[EventType "swiss"]
[EventRounds "9"]
[EventCountry "GER"]
[SourceTitle "EXT 2004"]
[Source "ChessBase"]
[SourceDate "2003.11.25"]
[SourceVersion "1"]
[SourceVersionDate "2003.11.25"]
[SourceQuality "1"]

1. d4 Nf6 2. c4 g6 3. Nc3 d5 4. cxd5 Nxd5 5. Bd2 Bg7 6. e4 Nb6 7. Be3 0-0 8. Be2 Nc6 9. Nf3 Bg4 10. d5 Bxf3 11. gxf3 Na5 12. Bd4 Qd6 13. 0-0 Bxd4 14. Qxd4 c5 15. Qe3 Nbc4 16. Bxc4 Nxc4 17. Qe2 Nb6 18. e5 Qd7 19. Rfd1 f6 20. e6 Qd6 21. Nb5 Qe5 22. Qxe5 fxe5 23. d6 Rf6 24. dxe7 1-0

[Event "Staufer op 15th"]
[Site "Schwaebisch Gmuend"]
[Date "2003.01.02"]
[Round "2"]
[White "Klaric, Zoran"]
[Black "Solonar, Stefan"]
[Result "1/2-1/2"]
[WhiteElo "2100"]
[BlackElo "2380"]
[PlyCount "104"]
[EventDate "2003.01.02"]
[EventType "swiss"]
[EventRounds "9"]
[EventCountry "GER"]
[SourceTitle "EXT 2004"]
[Source "ChessBase"]
[SourceDate "2003.11.25"]
[SourceVersion "1"]
[SourceVersionDate "2003.11.25"]
[SourceQuality "1"]

1. d4 Nf6 2. Nf3 d6 3. g3 Nbd7 4. Bg2 g6 5. 0-0 Bg7 6. c4 0-0 7. Nc3 e5 8. h3 a6 9. Be3 exd4 10. Nxd4 Rb8 11. Qd2 Re8 12. Rad1 Ne5 13. b3 Bd7 14. Bh6 Qc8 15. Bxg7 Kxg7 16. Kh2 Qd8 17. f4 Nc6 18. e4 Qe7 19. Rfe1 Qf8 20. Nxc6 Bxc6 21. Qd4 h6 22. Nd5 Bxd5 23. cxd5 Qe7 24. e5 dxe5 25. Rxe5 Qd6 26. Rde1 Kg8 27. Rxe8+ Rxe8 28. Rxe8+ Nxe8 29. Qa7 b5 30. Qa8 Kf8 31. b4 h5 32. Qa7 h4 33. Qd4 hxg3+ 34. Kxg3 Ng7 35. Qc5 Nf5+ 36. Kf2 Ke7 37. Be4 Ng7 38. Ke3 Kd7 39. a3 Nh5 40. Qc6+ Ke7 41. Qc5 Kd7 42. Qc6+ Qxc6 43. dxc6+ Kd6 44. Bc2 Ng7 45. Bb3 Ne6 46. Ke4 f5+ 47. Ke3 Nd8 48. Bg8 Ke7 49. Bd5 Kd6 50. Bg8 Nxc6 51. Bf7 Ne7 52. Kd4 Nc6+ 1/2-1/2

[Event "Oberliga Wuerttemberg 0203"]
[Site "Wuerttemberg"]
[Date "2002.12.16"]
[Round "4"]
[White "Klaric, Zoran"]
[Black "Naegele, Thomas"]
[Result "0-1"]
[WhiteElo "2014"]
[BlackElo "2165"]
[PlyCount "76"]
[EventDate "2002.10.13"]
[EventType "team-tourn"]
[EventRounds "9"]
[EventCountry "GER"]
[SourceTitle "EXT 2019"]
[Source "ChessBase"]
[SourceDate "2018.10.10"]
[SourceVersion "1"]
[SourceVersionDate "2018.10.10"]
[SourceQuality "1"]
[WhiteTeam "Marbach"]
[BlackTeam "Pfullingen"]
[WhiteTeamCountry "GER"]
[BlackTeamCountry "GER"]

1. d4 Nf6 2. Nf3 g6 3. c4 Bg7 4. g3 0-0 5. Bg2 d6 6. 0-0 c6 7. Nc3 Qa5 8. e4 Qh5 9. Ng5 Qxd1 10. Rxd1 e5 11. dxe5 dxe5 12. f3 h6 13. Nh3 Be6 14. b3 Na6 15. Be3 Rfe8 16. Nf2 Bf8 17. Nd3 Nd7 18. Bf1 Red8 19. Na4 f5 20. Bh3 Kf7 21. exf5 gxf5 22. Kf2 Kf6 23. f4 e4 24. Bd4+ Kf7 25. Ne5+ Nxe5 26. Bxe5 Nb4 27. Rxd8 Rxd8 28. Ke2 b5 29. Nb2 Bc5 30. a4 a6 31. axb5 axb5 32. Bc3 Rd7 33. Ra8 Nd3 34. Nxd3 Rxd3 35. Be5 Rxb3 36. cxb5 cxb5 37. Ra1 e3 38. Rc1 Bc4+ 0-1